MARC details
| 000 -CABECERA |
| campo de control de longitud fija |
00957nam a2200265 a 4500 |
| 003 - IDENTIFICADOR DEL NÚMERO DE CONTROL |
| campo de control |
MX-MxUPN |
| 005 - FECHA Y HORA DE LA ÚLTIMA TRANSACCIÓN |
| campo de control |
20240621063700.0 |
| 008 - ELEMENTOS DE LONGITUD FIJA--INFORMACIÓN GENERAL |
| campo de control de longitud fija |
991125s1885 xxu gr 000 0 eng d |
| 035 ## - NÚMERO DE CONTROL DEL SISTEMA |
| Número de control de sistema |
UPN01000002966 |
| 040 ## - FUENTE DE LA CATALOGACIÓN |
| Centro catalogador/agencia de origen |
MX-MxUPN |
| Lengua de catalogación |
spa |
| Centro/agencia transcriptor |
MX-MxUPN |
| 041 ## - CÓDIGO DE IDIOMA |
| Código de lengua del texto/banda sonora o título independiente |
eng |
| 050 #4 - SIGNATURA TOPOGRÁFICA DE LA BIBLIOTECA DEL CONGRESO |
| Número de clasificación |
F1465.2 Q5 |
| Número de documento/Ítem |
M433 |
| 245 04 - MENCIÓN DE TÍTULO |
| Título |
The annals of the Cakchiquels : |
| Resto del título |
the original text, with a translation, notes and introduction |
| 260 ## - PUBLICACIÓN, DISTRIBUCIÓN, ETC. |
| Lugar de publicación, distribución, etc. |
Philadelphia [E.U.A.] : |
| Nombre del editor, distribuidor, etc. |
D.G. Brinton, |
| Fecha de publicación, distribución, etc. |
1885. |
| 300 ## - DESCRIPCIÓN FÍSICA |
| Extensión |
234 páginas |
| 490 0# - MENCIÓN DE SERIE |
| Mención de serie |
Brinton's library of aboriginal American literature ; |
| Designación de volumen o secuencia |
no. 6 |
| 504 ## - NOTA DE BIBLIOGRAFÍA, ETC. |
| Nota de bibliografía, etc. |
Incluye índice. |
| 650 #4 - ASIENTO SECUNDARIO DE MATERIA - TERMINO TEMATICO |
| Término de materia o nombre geográfico como elemento de entrada |
Quiches |
| Subdivisión general |
Vida social y costumbres |
| 9 (RLIN) |
52486 |
| 650 #4 - ASIENTO SECUNDARIO DE MATERIA - TERMINO TEMATICO |
| Término de materia o nombre geográfico como elemento de entrada |
Indígenas de Guatemala |
| 9 (RLIN) |
19868 |
| 700 1# - ASIENTO SECUNDARIO--NOMBRE DE PERSONAL |
| Nombre de persona |
Brinton, Daniel Garrison, |
| Fechas asociadas al nombre |
1837-1899 |
| Término indicativo de función/relación |
edición |
| 9 (RLIN) |
32564 |
| 700 0# - ASIENTO SECUNDARIO--NOMBRE DE PERSONAL |
| Nombre de persona |
P.B. Molina |
| Término indicativo de función/relación |
propietario anterior |
| 9 (RLIN) |
51433 |
| 710 2# - ASIENTO SECUNDARIO - NOMBRE CORPORATIVO |
| 9 (RLIN) |
51335 |
| Nombre de entidad corporativa o nombre de jurisdicción como elemento de entrada |
Museo Pedagógico Nacional (México) |
| Término indicativo de función/relación |
propietario anterior |
| 905 ## - TIPO DE MATERIAL |
| Tipo de material |
Libro |
| 942 ## - ELEMENTOS DE PUNTO DE ACCESO ADICIONAL (KOHA) |
| Fuente del sistema de clasificación o colocación |
Library of Congress Classification |
| Tipo de ítem Koha |
Libro |
| Suprimir en OPAC |
No |